000 00599nam a2200229Ia 4500
003 OSt
005 20220923230142.0
006 a|||||r|||| 00| 0
007 ta
008 Pun
024 _a277,831
037 _cTextual
040 _aARTS
_cARTS
_bPun
041 _2Pun
_aPun
082 _aO153,3N335x, K7
100 _aਹਰਬ॥F ਹੰਸਪਾਲ
_9168911
245 0 _aਤਾF ਦੇ ਮਹਿਲ
260 _c1967
650 _aਪੰਜਾਬੀ ਸਾਹਿਤ
942 _hO153,3N335x, K7
_cTEXL
_2CC
999 _c382882
_d382882